| 000 -ლიდერი |
| ფიქსირებული სიგრძის საკონტროლო ველი |
01608nam a2200253Ia 4500 |
| 001 - საკონტროლო ნომერი |
| საკონტროლო ველი |
23231 |
| 003 - საკონტროლო ნომრის იდენტიფიკატორი |
| საკონტროლო ველი |
GE_BSU |
| 005 - ბოლო ოპერაციის თარიღი და დრო |
| საკონტროლო ველი |
20251104211427.0 |
| 008 - ფიქსირებული სიგრძის მონაცემთა ელემენტები - ზოგადი ინფორმაცია |
| ფიქსირებული სიგრძის საკონტროლო ველი |
181216s1960||||ge |||||||||||||| ||geo|| |
| 040 ## - კატალოგიზაციის წყარო |
| Transcribing agency |
GE_BSU |
| 041 ## - ენის კოდი |
| Language code of text/sound track or separate title |
geo |
| 080 ## - უნივერსალური ათობითი კლასიფიკაციის ინდექსი |
| Universal Decimal Classification number |
94(5-11) ა-94 |
| 245 ## - ცნობა სათაურის შესახებ |
| Title |
აღმოსავლური კრებული 1960 N1 / |
| Statement of responsibility, etc |
საქ. სსრ მეცნიერებათა აკადემია ; ივ. ჯავახიშვილის სახელობის ისტორიის ინსტიტუტი ; სარედაქციო კოლეგია : ნ. ბერძენიშვილი, გრ. გიორგაძე. |
| 264 ## - წარმოების, გამოცემის, დისტრიბუციის და სხვა ცნობები |
| გამოცემის, წარმოების, დისტრიბუციის... ადგილი |
თბილისი : |
| გამოცემის, წარმოების, დისტრიბუციის... სახელწოდება |
საქ. სსრ მეცნ. აკად. გამ-ბა, |
| გამოცემის, წარმოების, დისტრიბუციის... თარიღი |
1960. |
| 300 ## - ფიზიკური აღწერა |
| Extent |
293 გვ. ; |
| Dimensions |
23 სმ. |
| 490 ## - სერიის ცნობა |
| Series statement |
კავკასიურ-ახლოაღმოსავლური კრებული. თბილისი, 1960-. |
| 520 ## - SUMMARY, ETC. |
| Summary, etc |
პარალ. სათ. რუ. და ინგლ. ენებზე |
| 653 ## - INDEX TERM--UNCONTROLLED |
| Uncontrolled term |
აღმოსავლური კრებული 1 |
| 700 ## - ADDED ENTRY--PERSONAL NAME |
| Personal name |
ბერძენიშვილი, ნ. |
| Relator term |
რედაქტორი |
| 9 (RLIN) |
26160 |
| 700 ## - ADDED ENTRY--PERSONAL NAME |
| Personal name |
გიორგაძე, გრ. |
| Relator term |
რედაქტორი |
| 9 (RLIN) |
26161 |
| 710 ## - ADDED ENTRY--CORPORATE NAME |
| Corporate name or jurisdiction name as entry element |
საქ. სსრ მეცნიერებათა აკადემია |
| Subordinate unit |
ივ. ჯავახიშვილის სახელობის ისტორიის ინსტიტუტი |
| 9 (RLIN) |
26162 |
| 942 ## - ADDED ENTRY ELEMENTS (KOHA) |
| Koha item type |
წიგნი |
| Source of classification or shelving scheme |
|